三重県の市町村 (2000年) - Statistics

General Stats
  • This quiz has been taken 105 times
    87 since last reset
  • The average score is 49 of 69
Answers on the Map
Answers color-coded by a green-red scale on the quiz's map according to % correct below.
 
Answer Stats
ヒント 市町村名 % Correct
津市つし
100%
四日市市よっかいちし
100%
伊勢市いせし
100%
桑名市くわなし
100%
鈴鹿市すずかし
100%
松阪市まつさかし
98%
名張市なばりし
98%
尾鷲市おわせし
98%
亀山市かめやまし
98%
鳥羽市とばし
98%
熊野市くまのし
98%
桑名郡 木曽岬町きそさきちょう
96%
三重郡 朝日町あさひちょう
96%
三重郡 川越町かわごえちょう
96%
上野市うえのし
93%
志摩郡 志摩町しまちょう
93%
員弁郡 員弁町いなべちょう
91%
桑名郡 長島町ながしまちょう
89%
久居市ひさいし
87%
員弁郡 東員町とういんちょう
87%
多気郡 大台町おおだいちょう
87%
度会郡 度会町わたらいちょう
87%
多気郡 多気町たきちょう
82%
南牟婁郡 紀宝町きほうちょう
82%
三重郡 菰野町こものちょう
80%
阿山郡 伊賀町いがちょう
80%
名賀郡 青山町あおやまちょう
80%
鈴鹿郡 関町せきちょう
78%
南牟婁郡 鵜殿村うどのむら
78%
一志郡 一志町いちしちょう
76%
多気郡 明和町めいわちょう
76%
北牟婁郡 紀伊長島町きいながしまちょう
76%
南牟婁郡 御浜町みはまちょう
73%
度会郡 玉城町たまきちょう
71%
度会郡 二見町ふたみちょう
71%
阿山郡 島ヶ原村しまがはらむら
71%
一志郡 美杉村みすぎむら
69%
員弁郡 北勢町ほくせいちょう
67%
三重郡 楠町くすちょう
67%
一志郡 白山町はくさんちょう
67%
桑名郡 多度町たどちょう
64%
阿山郡 阿山町あやまちょう
64%
員弁郡 藤原町ふじわらちょう
62%
多気郡 宮川村みやがわむら
62%
志摩郡 磯部町いそべちょう
62%
一志郡 嬉野町うれしのちょう
58%
飯南郡 飯南町いいなんちょう
58%
度会郡 南勢町なんせいちょう
58%
安芸郡 安濃町あのうちょう
56%
一志郡 香良洲町からすちょう
56%
飯南郡 飯高町いいたかちょう
56%
度会郡 南島町なんとうちょう
56%
度会郡 大内山村おおうちやまむら
56%
志摩郡 阿児町あごちょう
56%
安芸郡 河芸町かわげちょう
53%
度会郡 御薗村みそのむら
51%
北牟婁郡 海山町みやまちょう
51%
安芸郡 芸濃町げいのうちょう
47%
度会郡 紀勢町きせいちょう
47%
南牟婁郡 紀和町きわちょう
47%
員弁郡 大安町だいあんちょう
44%
度会郡 小俣町おばたちょう
44%
一志郡 三雲町みくもちょう
42%
志摩郡 大王町だいおうちょう
42%
度会郡 大宮町おおみやちょう
40%
阿山郡 大山田村おおやまだむら
40%
多気郡 勢和村せいわむら
38%
安芸郡 美里村みさとむら
33%
志摩郡 浜島町はまじまちょう
31%
No matching quizzes found
Score Distribution
Percent of People with Each Score
Percentile by Number Answered
Your Score History
You have not taken this quiz since the last reset